ბათუმის შოთა რუსთაველის სახელმწიფო უნივერსიტეტის ბიბლიოთეკა

მეფისტოფელი და ანდროგინი = Mephistopheles et I'androgyne / (ბიბ.ჩანაწერი № 63066)

000 -ლიდერი
ფიქსირებული სიგრძის საკონტროლო ველი 01774nam a22002777a 4500
003 - საკონტროლო ნომრის იდენტიფიკატორი
საკონტროლო ველი Ge_BSU
005 - ბოლო ოპერაციის თარიღი და დრო
საკონტროლო ველი 20250528164449.0
008 - ფიქსირებული სიგრძის მონაცემთა ელემენტები - ზოგადი ინფორმაცია
ფიქსირებული სიგრძის საკონტროლო ველი 250528s2023 ge ||||| |||| 00| 0 geo d
020 ## - წიგნის საერთაშორისო სტანდარტული ნომერი
International Standard Book Number 9789941978944
041 ## - ენის კოდი
Language code of text/sound track or separate title geo
080 ## - უნივერსალური ათობითი კლასიფიკაციის ინდექსი
Universal Decimal Classification number 2-1 : 2-264 : 111 ე-56
100 ## - მთავარი ჩანაწერი - პიროვნების სახელი
Personal name ელიადე, მირჩა
9 (RLIN) 25159
245 ## - ცნობა სათაურის შესახებ
Title მეფისტოფელი და ანდროგინი = Mephistopheles et I'androgyne /
Remainder of title
Statement of responsibility, etc მირჩა ელიადე; ფრანგულიდან თარგმნა თამარ ლომიძემ; სამეცნიერო რედაქტორი და წინასიტყვაობა ხათუნა თავდგირიძე; რედაქტორი ელზა ახვლედიანი; ყდის დიზაინი მარიამ ჭკადუა.
264 ## - წარმოების, გამოცემის, დისტრიბუციის და სხვა ცნობები
გამოცემის, წარმოების, დისტრიბუციის... ადგილი თბილისი :
გამოცემის, წარმოების, დისტრიბუციის... სახელწოდება ალეფი,
გამოცემის, წარმოების, დისტრიბუციის... თარიღი 2023.
300 ## - ფიზიკური აღწერა
Extent 304 გვ. ;
Other physical details 20 სმ.
501 ## - შენიშვნა თანმხლებ მასალაზე
With note
504 ## - BIBLIOGRAPHY, ETC. NOTE
Bibliography, etc ბიბლიოგრაფია ტექსტის შენიშვნებში.
653 ## - INDEX TERM--UNCONTROLLED
Uncontrolled term რელიგიის ფილოსოფია
653 ## - INDEX TERM--UNCONTROLLED
Uncontrolled term თარგმანები ქართულ ენაზე. მითები.
653 ## - INDEX TERM--UNCONTROLLED
Uncontrolled term ონტოლოგია
700 ## - ADDED ENTRY--PERSONAL NAME
Personal name ლომიძე, თამარ
Relator term მთარგმნელი
9 (RLIN) 13566
700 ## - ADDED ENTRY--PERSONAL NAME
Personal name თავდგირიძე, ხათუნა
Relator term რედაქტორი.
9 (RLIN) 25160
700 ## - ADDED ENTRY--PERSONAL NAME
Personal name ახვლედიანი, ელზა
Relator term რედაქტორი
9 (RLIN) 25161
700 ## - ADDED ENTRY--PERSONAL NAME
Personal name ჭკადუა, მარიამ
Relator term გარეკანის დიზაინერი
9 (RLIN) 25162
942 ## - ADDED ENTRY ELEMENTS (KOHA)
Source of classification or shelving scheme
Koha item type წიგნი
ეგზემპლარები
ჩამოწერის სტატუსი დაკარგული ეგზემპლარის სტატუსი კლასიფიკაციის წყარო ან თაროზე გაწყობის სქემა დაზიანების სტატუსი არ გაიცემა მუდმივი მდებარეობა (დაცვის ადგილი) ამჟამინდელი ადგილსამყოფელი თაროზე განთავსების ადგილი შეძენის თარიღი ღირებულება, შესყიდვის ნორმალური ფასი სრული შენახვის შიფრი შტრიხკოდი ბოლო ოპერაციის თარიღი ეგზემპლარის მიმდევრობითი ნომერი (კეტერი?) ფასის ძალაში შესვლის თარიღი ეგზემპლარის სახეობა საჯარო შენიშვნა
          ბათუმის შოთა რუსთაველის სახელმწიფო უნივერსიტეტის მთავარი ბიბლიოთეკა ბათუმის შოთა რუსთაველის სახელმწიფო უნივერსიტეტის მთავარი ბიბლიოთეკა წიგნსაცავი 2025-05-28 19.30 2-1 : 2-264 : 111 ე-56 71582 2025-05-28 71582 2025-05-28 წიგნი 19 ლ. 30 თ.